LEADER 00991naa a2200193 u 4500 001 000000095907 003 CaOOAMICUS 005 20070226130144.0 008 040715s1979 it u000 u ita u 035 $a11004471 040 $aIAR$bita 100 1 $aMorghen, Raffaello,$d1896-1983.$0(OLS)http://pul/name/4542 245 13$aLa civiltà dei Longobardi nella "Historia Langobardorum" di Paolo Diacono /$cRaffaello Morghen. 260 $aRoma :$bIstituto storico italiano per il Medio Evo,$c1979. 300 $aS. 53-68, ;$c25 cm 773 0 $aTradizione religiosa nella civiltà dell'occidente cristiano : Saggi di storia e di storiografia. 773 0 $aMorghen, Raffaello.$tTradizione religiosa nella civiltà dell'Occidente cristiano : saggi di storia e di storiografia$w()4396 996 $6245$aLa civiltà dei Longobardi nella "Historia Langobardorum" di Paolo Diacono$9(OLS)http://pul/title/122784 996 $6260$aRoma :$bIstituto storico italiano per il Medio Evo$9(OLS)http://pul/publisher/49609 LEADER 00902nam a2200229 u 4500 001 000000058007 003 CaOOAMICUS 005 20070226120638.0 008 010522s1972 it u000 u ita u 035 $a10889905 040 $aPUL(R)$bita 100 1 $aRedigolo, Giampaolo.$0(OLS)http://pul/name/40362 245 10$aConversione e liberazione :$bsussisi /$ca cura di Giampaolo Redigolo. 260 $aBologna :$bEdizioni Nigrizia,$c1972. 300 $a124 p. ;$c21 cm 650 4$aTeologia della liberazione.$0(OLS)http://pul/subject/2678 850 $aPUL 852 $aPUL$W1$xSL Religione 1$y3$m58 M 36$j75793$nBK-PRI$b $qStampati$B75793$CPULBib$Z2$F75793 $H $81 941 1 $a8 961 $aINV: 63579 996 $6245$aConversione e liberazione :$bsussisi$9(OLS)http://pul/title/77683 996 $6260$aBologna :$bEdizioni Nigrizia$9(OLS)http://pul/publisher/69565